000 00659nam a2200229Ia 4500
003 OSt
005 20220928130332.0
006 a|||||r|||| 00| 0
007 ta
008 220927b |||||||| |||| 00| 0 eng d
024 _a74519
037 _cTextual
040 _aSDCL
_cSDCL
_beng
041 _2eng
_aeng
082 _aDelta73, N2
100 _aArberry Arthur J
_9473603
245 0 _aIntroduction to the history of Sufism
_bThe Sir Abdullah Suhrawardy Lectures for 1942
260 _aHyderabad
_bOrient Longman
_c1992
300 _axx,84p
_ccm.
942 _hDelta73, N2
_cTEXL
_2CC
999 _c786141
_d786141